The question of progress. (Record no. 73412)

MARC details
000 -LEADER
fixed length control field 00838cam a22002891 4500
001 - CONTROL NUMBER
control field sa 67002753
003 - CONTROL NUMBER IDENTIFIER
control field DLC
005 - DATE AND TIME OF LATEST TRANSACTION
control field 20260227112333.0
008 - FIXED-LENGTH DATA ELEMENTS--GENERAL INFORMATION
fixed length control field 840913s1966 ii 000 0 eng
010 ## - LIBRARY OF CONGRESS CONTROL NUMBER
LC control number sa 67002753
025 ## - OVERSEAS ACQUISITION NUMBER
Overseas acquisition number PL480:I-E-7705
035 ## - SYSTEM CONTROL NUMBER
System control number (OCoLC)11151430
040 ## - CATALOGING SOURCE
Original cataloging agency DLC
Transcribing agency WU
Modifying agency DLC
042 ## - AUTHENTICATION CODE
Authentication code premarc
050 00 - LIBRARY OF CONGRESS CALL NUMBER
Classification number B5134.O8
Item number Q4
082 ## - DEWEY DECIMAL CLASSIFICATION NUMBER
Classification number 901.9
100 1# - MAIN ENTRY--PERSONAL NAME
Personal name Osborne, Arthur,
Dates associated with a name 1906-1970.
245 14 - TITLE STATEMENT
Title The question of progress.
250 ## - EDITION STATEMENT
Edition statement [1st ed.]
260 ## - PUBLICATION, DISTRIBUTION, ETC.
Place of publication, distribution, etc. Bombay,
Name of publisher, distributor, etc. Bharatiya Vidya Bhavan,
Date of publication, distribution, etc. 1966.
300 ## - PHYSICAL DESCRIPTION
Extent 54 p.
Dimensions 19 cm.
490 1# - SERIES STATEMENT
Series statement Principal Miller Endowment lectures of Madras University,
Volume/sequential designation 1965
490 0# - SERIES STATEMENT
Series statement Bhavan's Book University. Rupee series,
Volume/sequential designation 51
650 #0 - SUBJECT ADDED ENTRY--TOPICAL TERM
Topical term or geographic name entry element History
General subdivision Philosophy.
650 #0 - SUBJECT ADDED ENTRY--TOPICAL TERM
Topical term or geographic name entry element Religion
General subdivision Philosophy.
830 #0 - SERIES ADDED ENTRY--UNIFORM TITLE
Uniform title Principal Miller lecture ;
Volume/sequential designation 1965.

No items available.

Powered by Koha